Mitad de mi silencio

Salvato in:
Dettagli Bibliografici
Autore principale: Rivas, Antonio José
Natura: Libro
Lingua:Undetermined
Pubblicazione: Tegucigalpa, Honduras Kukulcan 1964
Soggetti:
Tags: Aggiungi Tag
Nessun Tag, puoi essere il primo ad aggiungerne!!

MARC

LEADER 00000nam a2200000Ia 4500
008 170316s9999 xx 000 0 und d
040 |a cru BVZT 
090 |a 860 R-10m 
100 |a Rivas, Antonio José 
245 |a Mitad de mi silencio 
260 |a Tegucigalpa, Honduras 
260 |b Kukulcan 
260 |c 1964 
300 |a 71 páginas 
650 |a LITERATURA LATINOAMERICANA 
999 |c 9123  |d 9123 
942 |c 15 D  |h 860 R-10m  |2 z